[Event "Pinneberg-ch 37th"]
[Site "Pinneberg"]
[Date "2019.09.12"]
[Round "6"]
[White "Pill, Bernhard"]
[Black "Griwenka, Volker"]
[Result "0-1"]
[WhiteElo "1985"]
[BlackElo "1843"]
[PlyCount "96"]
[EventDate "2019.08.08"]
[EventType "swiss"]
[EventRounds "7"]
[EventCountry "GER"]
[SourceTitle "CBM 192 Extra"]
[Source "Chessbase"]
[SourceDate "2019.11.06"]
[SourceVersion "1"]
[SourceVersionDate "2019.11.06"]
[SourceQuality "1"]

1. Nf3 Nf6 2. c4 e6 3. d4 Bb4+ 4. Nbd2 0-0 5. Qc2 d5 6. e3 Re8 7. Bd3 dxc4 8. Qxc4 Nc6 9. a3 Bf8 10. b4 e5 11. b5 Na5 12. Qc3 exd4 13. Nxd4 b6 14. 0-0 Bg4 15. Bb2 Rc8 16. Rfe1 Nd5 17. Qc2 Qh4 18. h3 Bd7 19. N2f3 Qh5 20. Nc6 Nxc6 21. bxc6 Bxh3 22. Bxh7+ Qxh7 23. Qxh7+ Kxh7 24. gxh3 Kg8 25. Red1 Ne7 26. Rac1 Red8 27. Rxd8 Rxd8 28. Be5 Rc8 29. a4 a6 30. Nd4 f6 31. Bg3 Kf7 32. Rd1 g6 33. e4 Bg7 34. h4 f5 35. e5 Rd8 36. e6+ Ke8 37. Bxc7 Rxd4 38. Rc1 Rxa4 39. Bxb6 Ra1 40. Rxa1 Bxa1 41. c7 Nc8 42. Ba5 Ke7 43. Kg2 Kxe6 44. Kh3 Bd4 45. f3 Bb6 46. Bd2 Bxc7 47. h5 gxh5 48. Kh4 a5 0-1

[Event "Pinneberg-ch 37th"]
[Site "Pinneberg"]
[Date "2019.08.15"]
[Round "2"]
[White "Sausmikat, Michael"]
[Black "Griwenka, Volker"]
[Result "0-1"]
[WhiteElo "1640"]
[BlackElo "1843"]
[PlyCount "81"]
[EventDate "2019.08.08"]
[EventType "swiss"]
[EventRounds "7"]
[EventCountry "GER"]
[SourceTitle "CBM 192 Extra"]
[Source "Chessbase"]
[SourceDate "2019.11.06"]
[SourceVersion "1"]
[SourceVersionDate "2019.11.06"]
[SourceQuality "1"]

1. d4 d5 2. c4 e6 3. Nc3 Nf6 4. Bg5 Nbd7 5. e3 c6 6. Nf3 Qa5 7. Bxf6 Nxf6 8. Nd2 Bb4 9. Qc2 0-0 10. Bd3 Re8 11. 0-0 Bxc3 12. bxc3 e5 13. cxd5 cxd5 14. c4 exd4 15. exd4 Be6 16. c5 Rac8 17. Qb2 Qc7 18. f3 Bd7 19. Rfe1 Nh5 20. Bb5 Nf4 21. Bxd7 Qxd7 22. Rxe8+ Rxe8 23. Rb1 Re7 24. Kh1 h6 25. Qc3 Re2 26. Rg1 Qe6 27. a3 Re1 28. Nf1 Qe2 29. Qd2 Rxf1 30. Qxe2 Rxg1+ 31. Kxg1 Nxe2+ 32. Kf2 Nxd4 33. Ke3 Nc6 34. Kd3 f5 35. Ke3 Kf7 36. f4 Ke6 37. h4 d4+ 38. Kd3 Kd5 39. h5 Kxc5 40. Ke2 Kc4 41. Kd2 0-1

[Event "Pinneberg-ch"]
[Site "Pinneberg"]
[Date "2018.09.20"]
[Round "6"]
[White "Griwenka, Volker"]
[Black "Van Riesen, Klaus"]
[Result "1-0"]
[WhiteElo "1889"]
[BlackElo "1942"]
[PlyCount "105"]
[EventDate "2018.08.16"]
[EventType "swiss"]
[EventRounds "7"]
[EventCountry "GER"]
[SourceTitle "EXT 2019"]
[Source "ChessBase"]
[SourceDate "2018.10.10"]
[SourceVersion "1"]
[SourceVersionDate "2018.10.10"]
[SourceQuality "1"]

1. e4 c5 2. Nc3 e6 3. f4 Nc6 4. Nf3 d5 5. Bb5 Nge7 6. 0-0 a6 7. Bxc6+ Nxc6 8. d3 Be7 9. a4 0-0 10. Bd2 b6 11. Qe1 Nb4 12. Rc1 d4 13. Ne2 a5 14. Qg3 f6 15. Qf2 Qe8 16. b3 Ra7 17. Ng3 Bd6 18. Qe2 Bb8 19. Bxb4 axb4 20. Nd2 Bd7 21. Nc4 b5 22. axb5 Bxb5 23. Qf2 Bxc4 24. dxc4 g5 25. f5 Bf4 26. Rce1 Be3 27. Rxe3 dxe3 28. Qxe3 e5 29. Qxc5 Qe7 30. Qd5+ Kh8 31. Rd1 Raa8 32. Qc6 Rfc8 33. Qb6 Qc5+ 34. Qxc5 Rxc5 35. Rd6 Ra2 36. Nh5 Kg8 37. Nxf6+ Kg7 38. Nh5+ Kf8 39. Rd2 Rc7 40. Nf6 Raa7 41. Nd5 Rcb7 42. Kf2 Kf7 43. Ke2 h5 44. Rd1 Ra2 45. Kd3 Ra3 46. Rf1 Ra6 47. f6 Rd7 48. c5 Ke6 49. Kc4 Ra2 50. Rf2 g4 51. Kxb4 Rb7+ 52. Kc4 Rd7 53. c6 1-0

[Event "Pinneberg-ch"]
[Site "Pinneberg"]
[Date "2014.??.??"]
[Round "5"]
[White "Griwenka, Volker"]
[Black "Hamann, Frank"]
[Result "0-1"]
[WhiteElo "1897"]
[BlackElo "1959"]
[PlyCount "68"]
[EventDate "2014.08.21"]
[EventType "swiss"]
[EventRounds "7"]
[EventCountry "GER"]
[SourceTitle "EXT 2017"]
[Source "ChessBase"]
[SourceDate "2016.10.25"]
[SourceVersion "1"]
[SourceVersionDate "2016.10.25"]
[SourceQuality "1"]

1. e4 d5 2. exd5 Nf6 3. Bb5+ Bd7 4. Be2 Nxd5 5. d4 Bf5 6. Nf3 e6 7. 0-0 Be7 8. c4 Nb6 9. Be3 0-0 10. Qb3 a5 11. Rd1 Nc6 12. a3 a4 13. Qc3 Na5 14. Nbd2 Bf6 15. b4 axb3 16. a4 Bc2 17. Re1 Qd7 18. h3 c5 19. Ne5 Qc7 20. f4 cxd4 21. Bxd4 Rfd8 22. Ndf3 Nc8 23. Bd1 Bg6 24. Qb4 Ra6 25. Bxb3 Ne7 26. Bf2 Nec6 27. Qa3 Nxe5 28. fxe5 Be7 29. Qa2 Bc5 30. Rad1 Rc8 31. Nd4 Qb6 32. Bc2 Nc6 33. Nxc6 Bxf2+ 34. Kh1 bxc6 0-1

[Event "Pinneberg-ch"]
[Site "Pinneberg"]
[Date "2013.08.22"]
[Round "3"]
[White "Griwenka, Volker"]
[Black "Goetz, Claus"]
[Result "1-0"]
[WhiteElo "1883"]
[BlackElo "1913"]
[PlyCount "83"]
[EventDate "2013.08.08"]
[EventType "swiss"]
[EventRounds "7"]
[EventCountry "GER"]
[SourceTitle "EXT 2017"]
[Source "ChessBase"]
[SourceDate "2016.10.25"]
[SourceVersion "1"]
[SourceVersionDate "2016.10.25"]
[SourceQuality "1"]

1. e4 c5 2. Nc3 Nc6 3. f4 e6 4. Nf3 Nge7 5. d4 d5 6. dxc5 Qa5 7. Bd2 Qxc5 8. Nb5 Nb4 9. c3 Na6 10. b4 Qb6 11. Qa4 Bd7 12. Ne5 Nc6 13. Nxd7 Kxd7 14. Nd4 Nc7 15. Be3 a5 16. b5 Nxd4 17. Bxd4 Bc5 18. e5 Bxd4 19. cxd4 Rhc8 20. Be2 Ne8 21. 0-0 Rc7 22. Rac1 Rac8 23. Rxc7+ Rxc7 24. Qd1 g6 25. g4 Ng7 26. Qd2 h5 27. h3 hxg4 28. hxg4 Rc8 29. Kg2 Qc7 30. Bd3 Qc3 31. Qxc3 Rxc3 32. Rd1 Ra3 33. Rd2 Ne8 34. f5 Ra4 35. fxg6 fxg6 36. Bxg6 Nc7 37. Bd3 b6 38. Be2 Rb4 39. g5 Nxb5 40. Bxb5+ Rxb5 41. g6 Ke8 42. Rf2 1-0

[Event "Pinneberg-ch"]
[Site "Pinneberg"]
[Date "2012.09.27"]
[Round "7"]
[White "Griwenka, Volker"]
[Black "Van Riesen, Klaus"]
[Result "1/2-1/2"]
[WhiteElo "1899"]
[BlackElo "2070"]
[PlyCount "75"]
[EventDate "2012.08.16"]
[EventType "swiss"]
[EventRounds "7"]
[EventCountry "GER"]
[SourceTitle "EXT 2013"]
[Source "ChessBase"]
[SourceDate "2012.11.22"]
[SourceVersion "1"]
[SourceVersionDate "2012.11.22"]
[SourceQuality "1"]

1. e4 d6 2. f4 g6 3. Nf3 Bg7 4. Bc4 e6 5. Nc3 a6 6. 0-0 Nd7 7. a4 Ne7 8. Qe1 c6 9. d3 d5 10. Ba2 0-0 11. Be3 b5 12. Qf2 b4 13. Nd1 a5 14. c4 Rb8 15. Bb3 Nf6 16. e5 Ng4 17. Qh4 Nxe3 18. Nxe3 Qb6 19. Qf2 Ba6 20. Rac1 Rfc8 21. c5 Qd8 22. Rfd1 Rc7 23. d4 Nf5 24. g4 Nxe3 25. Qxe3 Bh6 26. g5 Bf8 27. h4 Be7 28. Kg2 h5 29. Kh2 Rd7 30. Rg1 Rdb7 31. Rgd1 Qd7 32. Rg1 Rf8 33. Rg2 Rbb8 34. Rgg1 Bc8 35. Rg3 Ba6 36. Rc2 Rb7 37. Rg1 Rfb8 38. Rgc1 1/2-1/2

[Event "Pinneberg-ch"]
[Site "Pinneberg"]
[Date "2012.09.20"]
[Round "6"]
[White "Schoppe, Gottfried"]
[Black "Griwenka, Volker"]
[Result "0-1"]
[WhiteElo "1663"]
[BlackElo "1899"]
[PlyCount "72"]
[EventDate "2012.08.16"]
[EventType "swiss"]
[EventRounds "7"]
[EventCountry "GER"]
[SourceTitle "EXT 2013"]
[Source "ChessBase"]
[SourceDate "2012.11.22"]
[SourceVersion "1"]
[SourceVersionDate "2012.11.22"]
[SourceQuality "1"]

1. d4 Nf6 2. c4 e6 3. Nc3 d5 4. Nf3 Be7 5. Bf4 0-0 6. h3 c5 7. e3 a6 8. a4 Qa5 9. Qc2 Nc6 10. Bd3 Nb4 11. Qb1 Nxd3+ 12. Qxd3 dxc4 13. Qxc4 b5 14. Qb3 c4 15. Qd1 b4 16. Ne2 Bb7 17. Nd2 Rac8 18. 0-0 Ne4 19. Nxe4 Bxe4 20. f3 Bb7 21. Qb1 Qb6 22. Rc1 a5 23. Kh1 Rc6 24. Rc2 Rfc8 25. Qd1 Ba6 26. e4 c3 27. b3 Rd8 28. Bh2 Bxe2 29. Qxe2 Qxd4 30. Bg1 Qd3 31. Rac1 Qxe2 32. Rxe2 Rcd6 33. Rcc2 Rd1 34. Kh2 R8d3 35. Bb6 Bd8 36. Be3 Rb1 0-1

[Event "Pinneberg-ch"]
[Site "Pinneberg"]
[Date "2012.09.13"]
[Round "5"]
[White "Olschok, Juergen"]
[Black "Griwenka, Volker"]
[Result "1/2-1/2"]
[WhiteElo "1773"]
[BlackElo "1899"]
[PlyCount "85"]
[EventDate "2012.08.16"]
[EventType "swiss"]
[EventRounds "7"]
[EventCountry "GER"]
[SourceTitle "EXT 2013"]
[Source "ChessBase"]
[SourceDate "2012.11.22"]
[SourceVersion "1"]
[SourceVersionDate "2012.11.22"]
[SourceQuality "1"]

1. e4 e6 2. d4 d5 3. e5 c5 4. c3 Bd7 5. Nf3 Nc6 6. Bd3 cxd4 7. cxd4 Qb6 8. 0-0 Nb4 9. Be2 Be7 10. a3 Nc6 11. Nc3 Na5 12. b4 Nc4 13. Bxc4 dxc4 14. d5 exd5 15. Nxd5 Qd8 16. Nxe7 Nxe7 17. Bg5 h6 18. Bh4 Qc7 19. Qd6 Qxd6 20. exd6 Ng6 21. Rfe1+ Be6 22. Bg3 Kd7 23. Ne5+ Nxe5 24. Bxe5 f6 25. Bg3 Rhe8 26. h4 Bf5 27. f3 Bd3 28. Kf2 g5 29. Rxe8 Rxe8 30. Re1 Rxe1 31. Kxe1 c3 32. hxg5 hxg5 33. Bf2 Kxd6 34. Bd4 c2 35. Kd2 Ke6 36. Bxa7 Kd5 37. Kc1 Kc4 38. Bc5 f5 39. g4 Kb3 40. gxf5 Bxf5 41. b5 g4 42. fxg4 Bxg4 43. a4 1/2-1/2

[Event "Pinneberg-ch"]
[Site "Pinneberg"]
[Date "2011.09.22"]
[Round "6"]
[White "Grothkopp, Dietrich"]
[Black "Griwenka, Volker"]
[Result "1/2-1/2"]
[WhiteElo "1711"]
[BlackElo "1890"]
[PlyCount "61"]
[EventDate "2011.08.18"]
[EventType "swiss"]
[EventRounds "7"]
[EventCountry "GER"]
[SourceTitle "CBM 144 Extra"]
[Source "ChessBase"]
[SourceDate "2011.10.28"]
[SourceVersion "1"]
[SourceVersionDate "2011.10.28"]
[SourceQuality "1"]

1. d4 d5 2. c4 e6 3. Nc3 Nf6 4. Nf3 Be7 5. e3 0-0 6. Bd3 c5 7. dxc5 dxc4 8. Bxc4 Qa5 9. 0-0 Nc6 10. a3 Qxc5 11. Qe2 a6 12. b4 Qh5 13. Bb2 b5 14. Ba2 Bd6 15. Rad1 Rd8 16. h3 Bb7 17. Nd4 Nxd4 18. Qxh5 Nxh5 19. Rxd4 Be5 20. Rxd8+ Rxd8 21. Rd1 Rxd1+ 22. Nxd1 Bd6 23. Nc3 Nf6 24. f3 Kf8 25. Kf2 Nd7 26. Ke2 Ne5 27. Bc1 Ke7 28. Bb1 g6 29. Ne4 Bc7 30. Nc5 Bc8 31. g4 1/2-1/2

[Event "Pinneberg-ch"]
[Site "Pinneberg"]
[Date "2009.08.27"]
[Round "1"]
[White "Hotze, Kurt"]
[Black "Griwenka, Volker"]
[Result "1/2-1/2"]
[WhiteElo "1606"]
[BlackElo "1941"]
[PlyCount "92"]
[EventDate "2009.08.27"]
[EventType "swiss"]
[EventRounds "7"]
[EventCountry "GER"]
[SourceTitle "EXT 2012"]
[Source "ChessBase"]
[SourceDate "2011.11.24"]
[SourceVersion "1"]
[SourceVersionDate "2011.11.24"]
[SourceQuality "1"]

1. e4 d5 2. exd5 Qxd5 3. Nc3 Qa5 4. d4 c6 5. Be2 Bf5 6. Nf3 Nf6 7. 0-0 Nbd7 8. Bf4 e6 9. a3 Nd5 10. Nxd5 cxd5 11. b4 Qa4 12. c4 Qxd1 13. Rfxd1 dxc4 14. Bxc4 Nb6 15. Bb5+ Kd8 16. Ne5 Bg6 17. Rac1 Nd5 18. Bg3 Bh5 19. Rd2 f6 20. Nd3 a6 21. Ba4 Bg6 22. Nf4 Nxf4 23. Bxf4 Rc8 24. Rdd1 Be4 25. Rxc8+ Kxc8 26. Rc1+ Kd8 27. Bc7+ Kc8 28. Bb6+ Kb8 29. Bd7 Bd6 30. Bxe6 Bf4 31. Re1 Bd3 32. Bf7 Rc8 33. d5 Bd2 34. Re8 Bf4 35. Rxc8+ Kxc8 36. Be6+ Kb8 37. g3 Bd6 38. f4 h6 39. Kf2 Bc2 40. Ke3 Bd1 41. Kd4 Bf3 42. Bf5 Bd1 43. Ke3 Bb3 44. Be6 Bd1 45. Bd7 Bb3 46. Kd4 Bd1 1/2-1/2

[Event "Pinneberg-ch"]
[Site "Pinneberg"]
[Date "2008.09.25"]
[Round "5"]
[White "Griwenka, Volker"]
[Black "Vinck, Arne"]
[Result "1-0"]
[WhiteElo "1931"]
[BlackElo "1662"]
[PlyCount "47"]
[EventDate "2008.08.28"]
[EventType "swiss"]
[EventRounds "7"]
[EventCountry "GER"]
[SourceTitle "EXT 2011"]
[Source "ChessBase"]
[SourceDate "2010.11.26"]
[SourceVersion "1"]
[SourceVersionDate "2010.11.26"]
[SourceQuality "1"]

1. e4 e6 2. d4 d5 3. Nd2 Nf6 4. e5 Nfd7 5. Bd3 c5 6. c3 Nc6 7. Ne2 cxd4 8. cxd4 f6 9. exf6 Nxf6 10. 0-0 Bd6 11. Nf3 Qc7 12. Ng3 0-0 13. Bg5 Bd7 14. Rc1 Qb6 15. Qd2 Rae8 16. a3 Na5 17. Qe2 Nb3 18. Rcd1 Rc8 19. Rfe1 h6 20. Bxf6 Rxf6 21. Nh5 Rxf3 22. Qxf3 Nxd4 23. Qg4 Bf8 24. Nf6+ 1-0

[Event "Pinneberg-ch"]
[Site "Pinneberg"]
[Date "2008.09.18"]
[Round "4"]
[White "Hawranke, Dietrich"]
[Black "Griwenka, Volker"]
[Result "1-0"]
[WhiteElo "2127"]
[BlackElo "1931"]
[PlyCount "89"]
[EventDate "2008.08.28"]
[EventType "swiss"]
[EventRounds "7"]
[EventCountry "GER"]
[SourceTitle "EXT 2011"]
[Source "ChessBase"]
[SourceDate "2010.11.26"]
[SourceVersion "1"]
[SourceVersionDate "2010.11.26"]
[SourceQuality "1"]

1. d4 d5 2. Nf3 c6 3. c4 e6 4. Qc2 Nd7 5. Nbd2 Ngf6 6. g3 Bd6 7. Bg2 0-0 8. 0-0 Re8 9. a3 Rb8 10. Nh4 Be7 11. cxd5 cxd5 12. b4 b6 13. Qa4 a6 14. Bb2 b5 15. Qc2 Nb6 16. Nhf3 Bb7 17. Nb3 Nc4 18. Nc5 Nd7 19. Bc1 Bd6 20. Ng5 g6 21. h4 Nxc5 22. bxc5 Bf8 23. h5 Bg7 24. hxg6 fxg6 25. Nf3 Rc8 26. Bh3 Rc6 27. Bg5 Bf6 28. Qc1 Bxg5 29. Qxg5 Qxg5 30. Nxg5 h6 31. Nf3 Kf7 32. Rfc1 Kf6 33. Bf1 e5 34. dxe5+ Nxe5 35. Nd4 Rc7 36. Rc3 Nc4 37. Rf3+ Ke7 38. Nb3 Rc6 39. Rd3 Rcc8 40. Bg2 Rc7 41. Rad1 Nxa3 42. e4 d4 43. Nxd4 Rd7 44. c6 Rxd4 45. cxb7 1-0

[Event "Pinneberg-ch"]
[Site "Pinneberg"]
[Date "2008.09.11"]
[Round "3"]
[White "Griwenka, Volker"]
[Black "Atri, Jamshid"]
[Result "1/2-1/2"]
[WhiteElo "1931"]
[BlackElo "2026"]
[PlyCount "123"]
[EventDate "2008.08.28"]
[EventType "swiss"]
[EventRounds "7"]
[EventCountry "GER"]
[SourceTitle "EXT 2011"]
[Source "ChessBase"]
[SourceDate "2010.11.26"]
[SourceVersion "1"]
[SourceVersionDate "2010.11.26"]
[SourceQuality "1"]

1. e4 e5 2. f4 exf4 3. Bc4 Nf6 4. Nc3 c6 5. Bb3 d5 6. exd5 cxd5 7. d4 Bd6 8. Nf3 0-0 9. 0-0 Be6 10. Nb5 Ne4 11. Nxd6 Qxd6 12. Ne5 f6 13. Ng4 g5 14. Qf3 Nc6 15. c3 Rae8 16. Nf2 Bf7 17. Nd3 Kg7 18. Bc2 Bg6 19. Bb3 Na5 20. Bc2 Nc4 21. Rd1 Rf7 22. Ba4 Ree7 23. Bb5 Nb6 24. Nf2 a6 25. Bf1 Qc7 26. Nd3 a5 27. h4 h6 28. h5 Bh7 29. Nf2 Nxf2 30. Qxf2 Nc4 31. Bd3 Bxd3 32. Rxd3 Nd6 33. Bd2 Ne4 34. Qf3 Qd7 35. Rc1 a4 36. b3 axb3 37. axb3 b5 38. c4 bxc4 39. bxc4 dxc4 40. Rxc4 Nxd2 41. Rxd2 Re3 42. Qd1 Rfe7 43. Qc2 Qe8 44. Qg6+ Qxg6 45. hxg6 Kxg6 46. d5 Rd7 47. Rc6 h5 48. Kf2 Re5 49. d6 Re6 50. g3 fxg3+ 51. Kxg3 h4+ 52. Kf3 f5 53. Rd5 g4+ 54. Kf2 Kg5 55. Rcc5 Rf6 56. Rc6 Kg6 57. Kg2 f4 58. Rd4 f3+ 59. Kf1 Kg5 60. Rc5+ Rf5 61. Rc7 Rff7 62. Rc5+ 1/2-1/2

[Event "Pinneberg-ch"]
[Site "Pinneberg"]
[Date "2008.09.04"]
[Round "2"]
[White "Henrich, Holger"]
[Black "Griwenka, Volker"]
[Result "0-1"]
[WhiteElo "2168"]
[BlackElo "1931"]
[PlyCount "94"]
[EventDate "2008.08.28"]
[EventType "swiss"]
[EventRounds "7"]
[EventCountry "GER"]
[SourceTitle "EXT 2011"]
[Source "ChessBase"]
[SourceDate "2010.11.26"]
[SourceVersion "1"]
[SourceVersionDate "2010.11.26"]
[SourceQuality "1"]

1. d4 f5 2. e4 fxe4 3. Nc3 Nf6 4. Bg5 d5 5. Bxf6 exf6 6. Qh5+ g6 7. Qxd5 Bb4 8. Qxe4+ Kf7 9. Bc4+ Kg7 10. Nge2 Re8 11. Qd3 Nc6 12. 0-0-0 Na5 13. Bb5 c6 14. Ba4 Bf5 15. Qf3 b5 16. Bb3 Nxb3+ 17. axb3 Qc8 18. h3 a5 19. g4 Be6 20. Nf4 Bf7 21. Rhe1 Rxe1 22. Rxe1 a4 23. bxa4 bxa4 24. d5 a3 25. b3 cxd5 26. Nfxd5 Qc6 27. Rd1 Bxc3 28. Qxc3 Bxd5 29. Qxc6 Bxc6 30. Kb1 a2+ 31. Kb2 Kf7 32. Ra1 Ke6 33. c4 Kd6 34. b4 Be4 35. Rxa2 Rxa2+ 36. Kxa2 Kc6 37. Kb3 g5 38. Kc3 Bg2 39. Kd4 Bxh3 40. b5+ Kb6 41. f3 f5 42. gxf5 Bxf5 43. Ke5 Bd3 44. Kd4 Be2 45. Ke4 h6 46. f4 Bxc4 47. fxg5 h5 0-1

[Event "Pinneberg-ch"]
[Site "Pinneberg"]
[Date "2007.10.04"]
[Round "6"]
[White "Atri, Jamshid"]
[Black "Griwenka, Volker"]
[Result "0-1"]
[WhiteElo "2109"]
[BlackElo "1905"]
[PlyCount "77"]
[EventDate "2007.08.30"]
[EventType "swiss"]
[EventRounds "7"]
[EventCountry "GER"]
[SourceTitle "CBM 120 Extra"]
[Source "ChessBase"]
[SourceDate "2007.11.01"]
[SourceVersion "1"]
[SourceVersionDate "2007.11.01"]
[SourceQuality "1"]

1. e4 d5 2. Nc3 dxe4 3. Nxe4 Qd5 4. Nc3 Qa5 5. d4 c6 6. Nf3 Nf6 7. Bc4 Bg4 8. h3 Bxf3 9. Qxf3 e6 10. 0-0 Nbd7 11. a3 Be7 12. Be3 0-0 13. Bd3 Rad8 14. b4 Qh5 15. Qxh5 Nxh5 16. f4 Ng3 17. Rfe1 Bf6 18. Kh2 Nf5 19. Bxf5 exf5 20. Na4 b5 21. Nb2 Nb6 22. c3 Rfe8 23. Bd2 g6 24. g3 Bg7 25. Kg2 Re4 26. Rxe4 fxe4 27. a4 bxa4 28. Nxa4 Nc4 29. Be1 Bf8 30. Nc5 Bxc5 31. bxc5 Ra8 32. Ra6 Kf8 33. Rxc6 a5 34. Rc7 a4 35. Rb7 a3 36. c6 a2 37. c7 a1Q 38. Rb8+ Kg7 39. c8Q 0-1

[Event "Pinneberg-ch"]
[Site "Pinneberg"]
[Date "2007.09.20"]
[Round "4"]
[White "Stubbe, Werner"]
[Black "Griwenka, Volker"]
[Result "0-1"]
[WhiteElo "1713"]
[BlackElo "1905"]
[PlyCount "146"]
[EventDate "2007.08.30"]
[EventType "swiss"]
[EventRounds "7"]
[EventCountry "GER"]
[SourceTitle "CBM 120 Extra"]
[Source "ChessBase"]
[SourceDate "2007.11.01"]
[SourceVersion "1"]
[SourceVersionDate "2007.11.01"]
[SourceQuality "1"]

1. Nc3 d5 2. e4 dxe4 3. Nxe4 Nd7 4. Bc4 Ngf6 5. d3 e6 6. Qe2 Be7 7. Ng5 Nb6 8. Bb3 h6 9. N5f3 Bd7 10. Ne5 Bd6 11. Ngf3 Qe7 12. 0-0 0-0-0 13. a4 a6 14. c4 Be8 15. Be3 Nfd7 16. Nxd7 Nxd7 17. d4 c5 18. Bc2 cxd4 19. Nxd4 Nf6 20. Rfd1 Qc7 21. g3 Bc5 22. Rab1 Bb4 23. Bf4 Qc6 24. a5 Qc5 25. Nb3 Qh5 26. Rxd8+ Kxd8 27. Qd3+ Kc8 28. Bd1 Qf5 29. Qxf5 exf5 30. Nd4 Bd7 31. Bc2 Ne4 32. Ra1 g6 33. Be3 h5 34. Bxe4 fxe4 35. Nc2 Bd6 36. Bd4 Re8 37. b4 Be5 38. Bxe5 Rxe5 39. Re1 f5 40. f4 Re7 41. Ne3 Be6 42. Rd1 Rd7 43. Rxd7 Kxd7 44. Kf2 Kc6 45. Ke2 b6 46. axb6 Kxb6 47. Kd2 a5 48. bxa5+ Kxa5 49. Kc3 Kb6 50. Kd4 Bf7 51. Ke5 Kc5 52. Kf6 Be8 53. Ke7 Bc6 54. Kf7 Kd4 55. Nc2+ Kc3 56. Ne3 Kd2 57. Nd5 Bd7 58. Kxg6 Kd3 59. Kxh5 Kd4 60. Kg5 Be6 61. h4 Kxc4 62. Ne3+ Kd3 63. Ng2 Ke2 64. h5 Kf2 65. Ne3 Kxe3 66. h6 Bg8 67. Kg6 Kf2 68. Kg7 e3 69. Kxg8 e2 70. h7 e1Q 71. h8Q Qe8+ 72. Kg7 Qxh8+ 73. Kxh8 Kxg3 0-1

[Event "Pinneberg-ch"]
[Site "Pinneberg"]
[Date "2006.08.22"]
[Round "1.24"]
[White "Marx, Alexander"]
[Black "Griwenka, Volker"]
[Result "0-1"]
[WhiteElo "1614"]
[BlackElo "1905"]
[PlyCount "38"]
[EventDate "2006.08.22"]
[EventType "swiss"]
[EventRounds "7"]
[EventCountry "GER"]
[SourceTitle "EXT 2007"]
[Source "ChessBase"]
[SourceDate "2006.11.23"]
[SourceVersion "1"]
[SourceVersionDate "2006.11.23"]
[SourceQuality "1"]

1. e4 c6 2. d4 d5 3. Nc3 dxe4 4. Nxe4 Bf5 5. Ng3 Bg6 6. Nf3 Nd7 7. c4 e6 8. Qb3 Qc7 9. Ne2 Ngf6 10. Bf4 Qb6 11. Nd2 Bb4 12. f3 0-0 13. Be3 c5 14. Kf2 cxd4 15. Bxd4 Nc5 16. Qe3 e5 17. Nb3 exd4 18. Nexd4 Rfe8 19. Qg5 Nxb3 0-1

[Event "Pinneberg-ch"]
[Site "Pinneberg"]
[Date "2004.08.19"]
[Round "2"]
[White "Griwenka, Volker"]
[Black "Singh, Gurpreetpal"]
[Result "1-0"]
[WhiteElo "1916"]
[BlackElo "1600"]
[PlyCount "51"]
[EventDate "2004.08.12"]
[EventType "swiss"]
[EventRounds "7"]
[EventCountry "GER"]
[SourceTitle "EXT 2005"]
[Source "ChessBase"]
[SourceDate "2004.11.15"]
[SourceVersion "1"]
[SourceVersionDate "2004.11.15"]
[SourceQuality "1"]

1. f4 d5 2. Nf3 Nc6 3. e3 Nf6 4. b3 e6 5. Bb5 a6 6. Bxc6+ bxc6 7. 0-0 Bd6 8. Bb2 Qe7 9. Qe1 Rg8 10. d3 Bb7 11. Nbd2 Ba3 12. Bxa3 Qxa3 13. Ne5 Nd7 14. Nxd7 Kxd7 15. c4 Rad8 16. Nb1 Qb2 17. Nc3 dxc4 18. Rb1 Qa3 19. bxc4 Kc8 20. Rb3 Qe7 21. Na4 c5 22. Qa5 Rd6 23. Nxc5 Rb6 24. Rfb1 Rb5 25. Rxb5 axb5 26. Rxb5 1-0

[Event "Pinneberg-ch"]
[Site "Pinneberg"]
[Date "2003.08.28"]
[Round "3"]
[White "Griwenka, Volker"]
[Black "Poeck, Ole"]
[Result "0-1"]
[WhiteElo "1934"]
[BlackElo "2120"]
[PlyCount "64"]
[EventDate "2003.08.14"]
[EventType "swiss"]
[EventRounds "7"]
[EventCountry "GER"]
[SourceTitle "EXT 2004"]
[Source "ChessBase"]
[SourceDate "2003.11.25"]
[SourceVersion "1"]
[SourceVersionDate "2003.11.25"]
[SourceQuality "1"]

1. e4 c5 2. Nc3 Nc6 3. f4 g6 4. Nf3 Bg7 5. Bb5 Nd4 6. Bd3 d6 7. Nxd4 Bxd4 8. Qf3 a6 9. Ne2 Bg7 10. 0-0 Nf6 11. h3 Qc7 12. c4 b5 13. Nc3 Rb8 14. Nd5 Nxd5 15. cxd5 c4 16. Bc2 0-0 17. Rb1 a5 18. d3 c3 19. b3 Bd4+ 20. Kh2 f5 21. Be3 Qc5 22. Bxd4 Qxd4 23. a3 b4 24. a4 e6 25. dxe6 Bxe6 26. Rfe1 Rbe8 27. Kg3 g5 28. e5 Bd5 29. Qe3 dxe5 30. Qxd4 exd4 31. fxg5 f4+ 32. Kf2 Re3 0-1